000 00656nam a2200241 i 4500
001 C2-0073663
003 PPAK
005 20180727075844.0
008 970429s1993 nyua|||| ||||| | eng d
020 _a0688120369
040 _aPPAK
_beng
_cPPAK
_erda
082 0 4 _a640
_223
090 0 0 _a640
_bGOO
_dR
245 0 4 _aThe good housekeeping household encyclopedia
250 _aForte, Carolyn E.
264 1 _aNew York :
_bHearst Books ,
_c1993
300 _axvi, 336 pages :
_billustrations ;
_c28 cm
336 _2rdacontent
_atext
337 _2rdamedia
_aunmediated
338 _2rdacarrier
_avolume
650 1 0 _aHome economics
942 _ddc
_cB
999 _c10152
_d10152